000 01104aab a2200205 i 4500
001 768714001
003 CO-MdFUSB
005 20240422091955.0
008 240418t1987 ag ||||| |||| 00| 0 spa d
040 _bspa
_cCO-MdFUSB
041 _aspa
100 1 _aZukowski de Ramírez, Elvira Ester
_eautor
245 _aFormación espiritual del niño preescolar
_c/ Elvira Ester Zukowski de Ramírez
300 _aVolumen 6, número 1 (marzo, 1987), páginas: 35 - 37
_c; 27 cm
520 _aEn esta nota estamos tratando con un niño de 3 a 5 años, por lo que se encuentra en la llamada edad de juego o preescolar. "Los niños tienen un interés innato en Dios y un sentido innato de la divinidad, una ligereza que debe ser alimentada por la familia y la comunidad. El crecimiento espiritual positivo o negativo se puede promover mediante las acciones y actitudes de los adultos.
650 7 _aEducación cristiana de niños
_97019
650 7 _aFamilia y enseñanza
_9224
773 0 _tIglesia y Misión
_049402
_959679
_gVolumen 6, número 1 (marzo, 1987), páginas: 35 - 37
_qpágina: 35
942 _cANA
999 _c51698
_d51698